000 00828cam a2200205 4500
001 WB3747-19
008 011210n2001 000 0 eng u
035 _a(Sirsi) u115931
245 _aJobs threatened
260 _c2001
490 _aEstate Agency News
_v(174) December 2001/January 2002, 1(1)
520 _aThe latest Plimsoll Portfolio Analysis covering estate agency suggests that up to 3,000 jobs could be lost in the estate agency industry in 2002. The report cites fundamental business reasons, rather than the aftermath of the events of 11 September 2001, for these predicted losses.
590 _aWB
650 _aESTATE AGENCY
650 _aFORECASTS
650 _aJOB LOSSES
650 _aPLIMSOLL PORTFOLIO ANALYSIS
690 _aPROPERTY-RESIDENTIAL PROPERTY-RESIDENTIAL PROPERTY MARKET
942 _n0
999 _c69060
_d69060